ARRUPE JESUIT UNIVERSITY

CORONAVIRUS -STOP THE SPREAD - CLEAN,DISINFECT,COVER

Enhancing policy management capacity in Africa / (Record no. 130275)

MARC details
000 -LEADER
fixed length control field 01563pam a2200349 a 4500
001 - CONTROL NUMBER
control field 3434900
003 - CONTROL NUMBER IDENTIFIER
control field ARRUPE
005 - DATE AND TIME OF LATEST TRANSACTION
control field 20200203103558.0
008 - FIXED-LENGTH DATA ELEMENTS--GENERAL INFORMATION
fixed length control field 911218s1992 ctu b 101 0 eng
010 ## - LIBRARY OF CONGRESS CONTROL NUMBER
LC control number 91047066
020 ## - INTERNATIONAL STANDARD BOOK NUMBER
International Standard Book Number 1565490088 (alk. paper)
020 ## - INTERNATIONAL STANDARD BOOK NUMBER
International Standard Book Number 156549007X (pbk. : alk. paper)
040 ## - CATALOGING SOURCE
Original cataloging agency DLC
Transcribing agency DLC
Modifying agency DLC
043 ## - GEOGRAPHIC AREA CODE
Geographic area code f------
050 00 - LIBRARY OF CONGRESS CALL NUMBER
Classification number JQ1875.A1
Item number E54 1992
082 00 - DEWEY DECIMAL CLASSIFICATION NUMBER
Classification number 351.007/2/096
Edition number 20
300 ## - PHYSICAL DESCRIPTION
Dimensions 24 cm.
245 00 - TITLE STATEMENT
Title Enhancing policy management capacity in Africa /
Statement of responsibility, etc editors, Gelase Mutahaba, M. Jide Balogun.
250 ## - EDITION STATEMENT
Edition statement 1st ed.
260 ## - PUBLICATION, DISTRIBUTION, ETC. (IMPRINT)
Place of publication, distribution, etc West Hartford, Conn., USA :
Name of publisher, distributor, etc Kumarian Press,
Date of publication, distribution, etc 1992.
300 ## - PHYSICAL DESCRIPTION
Extent xi, 194 p. ;
440 #0 - SERIES STATEMENT/ADDED ENTRY--TITLE
Title Kumarian Press library of management for development.
Name of part/section of a work New directions in development management
9 (RLIN) 49296
500 ## - GENERAL NOTE
General note "Selected papers presented at a series of seminars jointly organized by the African Association for Public Administration and Management (AAPAM) and the United Nations Economic Commission for Africa (UNECA) between June 1988 and September 1989"--P. ix.
504 ## - BIBLIOGRAPHY, ETC. NOTE
Bibliography, etc Includes bibliographical references and index.
650 #0 - SUBJECT ADDED ENTRY--TOPICAL TERM
Topical term or geographic name as entry element Political planning
Geographic subdivision Africa.
9 (RLIN) 48556
650 #0 - SUBJECT ADDED ENTRY--TOPICAL TERM
Topical term or geographic name as entry element Policy sciences.
9 (RLIN) 4654
650 #0 - SUBJECT ADDED ENTRY--TOPICAL TERM
Topical term or geographic name as entry element Public administration
General subdivision Study and teaching
Geographic subdivision Africa.
9 (RLIN) 49297
700 1# - ADDED ENTRY--PERSONAL NAME
Personal name Mutahaba, G. R.
Fuller form of name (Gelase R.)
9 (RLIN) 49298
700 1# - ADDED ENTRY--PERSONAL NAME
Personal name Balogun, M. J.
9 (RLIN) 49299
906 ## - LOCAL DATA ELEMENT F, LDF (RLIN)
a 7
b cbc
c orignew
d 1
e ocip
f 19
g y-gencatlg
942 ## - ADDED ENTRY ELEMENTS (KOHA)
Source of classification or shelving scheme Library of Congress Classification
Koha item type Monograph ( Printed materials)
Holdings
Withdrawn status Lost status Source of classification or shelving scheme Damaged status Not for loan Collection code Home library Current library Shelving location Date acquired Total Checkouts Full call number Barcode Date last seen Price effective from Koha item type
    Library of Congress Classification     Main Collection ARRUPE LIBRARY ARRUPE LIBRARY Main Collection 03/02/2020   JQ1875.A1 E54 1992 46600006606 03/02/2020 03/02/2020 Monograph ( Printed materials)

 

Arrupe Library. PO Box MP320 Mt Pleasant, Harare, Zimbabwe
263 242 745411|librarian@aju.ac.zw